| 000 | 00454nam a2200169 4500 | ||
|---|---|---|---|
| 005 | 20260211141646.0 | ||
| 008 | 260211b |||||||| |||| 00| 0 eng d | ||
| 041 | _aEnglish | ||
| 082 |
_aF 610.73 GRO _bB12208 |
||
| 100 |
_aGrover, Vikas _9216714 |
||
| 110 |
_aAIIMS NORCET-9 _9216717 |
||
| 245 | _aAIIMS NORCET-9 Nursing Officer 'B' | ||
| 260 |
_aNew Delhi _bAIIMS NORCET-9 _c2025 |
||
| 300 |
_a224p _bpb |
||
| 365 |
_aRupaye _b260 _cINR |
||
| 942 | _cBK | ||
| 999 |
_c370408 _d370408 |
||